| 000 | 00572cam a2200217 4500 | ||
|---|---|---|---|
| 001 | 46082 | ||
| 010 | _a9728661037 | ||
| 021 | _b176074/02 | ||
| 090 | _a46082 | ||
| 100 | _a20030217d2002 me y0pory5003 ba | ||
| 101 | 0 | _apor | |
| 102 | _aPT | ||
| 200 | 1 |
_aAlentejanando _eestórias e sabores _fJoaquim Pulga _gil. Rita Roberto |
|
| 205 | _a2.ª ed. | ||
| 210 | 9 |
_aÉvora _cCasa do Sul, _d2002 |
|
| 215 |
_a125, [4] p. _cil. _d21 cm |
||
| 675 |
_a641.56(469.5)(083.1) _vBN _zpor |
||
| 700 | 1 |
_aPulga, _bJoaquim, _f1953- |
|
| 702 | 1 |
_aRoberto, _bRita _4440 |
|
| 801 |
_aPT _gRPC |
||
| 990 | _cLIVROS | ||